Les joueurs ayant évolué au PSG depuis 2020 - Statistiques

Statistiques générales
  • Ce quiz a été pris 164 fois
    16 depuis la dernière actualisation
  • Le résultat moyen est 51 sur 85
Statistiques - réponses
Numéro porté par le joueur Joueur % Correct
2 Achraf Hakimi
100%
29 Bradley Barcola
100%
14 Désiré Doué
100%
8 Fabian Ruiz
100%
9 Gonçalo Ramos
100%
5 Marquinhos
100%
18 / 9 Mauro Icardi
100%
25 Nuno Mendes
100%
10 Ousmane Dembélé
100%
4 Sergio Ramos
100%
11 Angel Di Maria
92%
38 Ethan Mbappé
92%
1 Gianluigi Donnarumma
92%
87 Joao Neves
92%
1 Keylor Navas
92%
7 Kylian Mbappé
92%
30 Lionel Messi
92%
35 Lucas Beraldo
92%
30 Lucas Chevalier
92%
21 Lucas Hernandez
92%
6 Marco Verratti
92%
10 Neymar Jr
92%
2 Thiago Silva
92%
17 Vitinha
92%
33 Warren Zaïre Emery
92%
80 Arnau Tenas
83%
9 Edinson Cavani
83%
7 Khvicha Kvaratskhelia
83%
8 Leandro Paredes
83%
3 Presnel Kimpembe
83%
24 Thilo Kehrer
83%
51 Willian Pacho
83%
30 Alexandre Letellier
75%
15 Danilo Pereira
75%
49 Ibrahim Mbaye
75%
6 Illia Zabarnyi
75%
14 Juan Bernat
75%
19 Lee Kang-In
75%
19 Pablo Sarabia
75%
39 Matvey Safonov
67%
26 Nordi Mukiele
67%
24 Senny Mayulu
67%
16 Sergio Rico
67%
28 Carlos Soler
58%
27 Idrissa Gueye
58%
11 Marco Asensio
58%
23 Randal Kolo Muani
58%
89 Renato Marin
58%
17 Colin Dagba
50%
37 Milan Skriniar
50%
25 Mitchel Bakker
50%
18 Moise Kean
50%
18 Renato Sanches
50%
34 Xavi Simons
50%
22 Abdou Diallo
42%
24 Alessandro Florenzi
42%
27 Cher Ndour
42%
18 Georginio Wijnaldum
42%
44 Hugo Ekitiké
42%
23 Julian Draxler
42%
20 / 97 Layvin Kurzawa
42%
4 Manuel Ugarte
42%
47 Quentin Ndjantou
42%
32 / 29 Timothée Pembélé
42%
21 Ander Herrera
33%
29 Arnaud Kalimuendo
33%
12 Rafinha
33%
42 Yoram Zague
33%
48 Axel Tape
25%
31 El Chadaille Bitshiabu
25%
17 Eric Maxim Choupo-Moting
25%
35 Jesé
25%
41 Mathis Jangeal
25%
34 Noham Kamara
25%
12 Thomas Meunier
25%
36 Kays Ruiz-Atil
17%
30 Marcin Bulka
17%
37 Ilyes Housni
8%
35 Ismaël Gharbi
8%
39 Kenny Nagera
8%
33 Bandiougou Fadiga
0%
33 Djeidi Gassama
0%
38 Édouard Michut
0%
28 Eric-Junior Dina-Ebimbe
0%
39 Nathan Bitumazala
0%
Aucun quiz correspondant
Distribution des résultats
% des personnes avec chaque résultat
Percentile par nombre de réponses
Votre historique - résultats
Vous n’avez pas pris ce quiz depuis la dernière actualisation